000 03147nam a2200541Ia 4500
001 699
008 241029s9999 xx 000 0 und d
010 _a628
041 _aEspañol
082 _aNO APLICA
245 0 _aLa educación ambiental en el proceso enseñanza aprendizaje en el Segundo Ciclo del Nivel Básico de la Escuela Juan Isidro Pérez
260 _aValverde
300 _a64
520 _a29
630 _aCurrículo
630 _aProceso de Enseñanza-Aprendizaje
650 _aEjes Transversales (Contexto Social y Natural)
690 _aElaborado
700 _easesor
_aBuduen Serrano, Ines de la Caridad
700 _eautor
_aAlmonte de Bueno, Santa Rosana
700 _eautor
_aBelliard Pimentel, Gladys Margarita
901 _a{"1":"Almonte de Bueno","2":"Belliard Pimentel"}
_b{"1":"Santa Rosana","2":"Gladys Margarita"}
902 _a1
903 _a{"1":"Buduen Serrano"}
_b{"1":"Ines de la Caridad"}
904 _aMáster en
905 _aEducación Superior
906 _a2
907 _aNO APLICA
908 _aNO APLICA
909 _aUniversidad Autónoma de Santo Domingo (UASD)
910 _aNULL
_bNULL
911 _a["1"]
912 _aNO APLICA
913 _aNULL
914 _a01 de Julio de 2012
915 _a20/07/15 07:07
916 _aNULL
917 _aNULL
918 _aNO APLICA
919 _a["52","163"]
520 _aEl objetivo general de la investigación se basó en diseñar una propuesta metodológica para potencializar el proceso de Enseñanza Aprendizaje en el Segundo Ciclo del Nivel Básico de la Escuela Juan Isidro Pérez del municipio de Mao, sobre el cuidado del medioambiente.La investigación se consideró de tipo cuantitativo. Se utilizaron los métodos histórico-lógico y sistémico. Se aplicaron encuestas a los docentes del segundo ciclo del nivel básico del centro de estudio. La población está constituida por 38 maestros de la Escuela del Nivel Básico Juan Isidro Pérez tomando como muestra 19 docentes lo que constituye el 30% de la población.La investigación detectó que los maestros no están suficientemente orientados sobre los proyectos institucionales para el desarrollo curricular de la Educación Ambiental. Los maestros saben de la trascendencia de la Educación Ambiental, sin embargo, no se contempla el tema a pesar de que el currículo incluye temas relativos a este. No obstante, ellos tienen adecuado conocimiento de los contenidos, de las asignaturas que desarrollan directamente relacionados con la conservación del medio ambiente. Aunque se afirma por los docentes que se forman grupos para el trabajo de conservación del medio ambiente en la escuela, en la planificación no se observaron acciones concretas de esta actividad.Se recomienda realizar la supervisión de la inclusión de los aspectos medioambientales en la planificación de los docentes, por parte de la Dirección de la Escuela Juan Isidro Pérez y aplicar la propuesta en el trabajo metodológico de la escuela.
921 _a16
922 _a16
923 _a0
924 _aNO APLICA
942 _cTesis
999 _c628
_d628